Football Teams Borja Bastón Played For - Statistics

General Stats
  • This quiz has been taken 25 times
  • The average score is 6 of 13
Answer Stats
League Years Team % Correct
England 2016-2017 Swansea City
80%
England 2019-2020 Swansea City
80%
Spain 2010-2011 Atlético de Madrid B
65%
Spain 2021- Real Oviedo
65%
Spain 2018-2019 Deportivo Alavés
50%
Spain 2013-2014 RC Deportivo de la Coruña
50%
Spain 2017-2018 Málaga CF
45%
Spain 2015-2016 SD Eibar
45%
England 2020 Aston Villa
30%
Spain 2014-2015 Real Zaragoza
30%
Spain 2011-2012 Real Murcia
20%
Spain 2020-2021 CD Leganés
15%
Spain 2012-2013 SD Huesca
15%
No matching quizzes found
Score Distribution
Percent of People with Each Score
Percentile by Number Answered
Your Score History
You have not taken this quiz